The business of travel : (Record no. 9304)
[ view plain ]
| 000 -LEADER | |
|---|---|
| fixed length control field | 00861nac a22002171u 4500 |
| 010 ## - LIBRARY OF CONGRESS CONTROL NUMBER | |
| LC control number | 90043169 |
| 020 ## - INTERNATIONAL STANDARD BOOK NUMBER | |
| International Standard Book Number | 0026808692 |
| 082 00 - DEWEY DECIMAL CLASSIFICATION NUMBER | |
| Classification number | 338.4791023 |
| Item number | FOS |
| 090 ## - LOCALLY ASSIGNED LC-TYPE CALL NUMBER (OCLC); LOCAL CALL NUMBER (OCLC) | |
| -- | 9304 |
| -- | 9304 |
| 100 ## - MAIN ENTRY--PERSONAL NAME | |
| Personal name | Foster, Dennis L. |
| 245 14 - TITLE STATEMENT | |
| Title | The business of travel : |
| Remainder of title | agency operations and administration / |
| Statement of responsibility, etc | Dennis L. Foster. |
| 260 ## - PUBLICATION, DISTRIBUTION, ETC. (IMPRINT) | |
| Place of publication, distribution, etc | Lake Forest, Ill. : |
| Name of publisher, distributor, etc | Glencoe Division, Macmillan/McGraw-Hill,c1991. |
| Date of publication, distribution, etc | c1991. |
| 300 ## - PHYSICAL DESCRIPTION | |
| Extent | xv, 192 p. : |
| Other physical details | ill. (some col.) ; |
| Dimensions | 28 cm. |
| 440 #4 - | |
| -- | The Travel professional series |
| 500 ## - GENERAL NOTE | |
| General note | Includes index. |
| 500 ## - GENERAL NOTE | |
| General note | Distributer: Al-Ahram. |
| 511 ## - PARTICIPANT OR PERFORMER NOTE | |
| Participant or performer note | Catalogued By: Mahitab. |
| 650 #0 - SUBJECT ADDED ENTRY--TOPICAL TERM | |
| Topical term or geographic name as entry element | Travel agents |
| General subdivision | Vocational guidance. |
| 942 ## - ADDED ENTRY ELEMENTS (KOHA) | |
| Item type | Book - Borrowing |
| Call number prefix | 338.4791023FOS |
| Withdrawn status | Item status | Damaged status | Not for loan | Home library | Current library | Shelving location | Date acquired | Source of acquisition | Total Checkouts | Total Renewals | Full call number | Barcode | Date last seen | Date last borrowed | Cost, replacement price | Koha item type |
|---|---|---|---|---|---|---|---|---|---|---|---|---|---|---|---|---|
| Central Library | Central Library | First floor | 30/04/2008 | Purchase | 2 | 5 | 338.4791023FOS | 000011247 | 15/07/2025 | 03/12/2019 | 73.20 | Book - Borrowing |